| 000 | 00636nam a2200181 4500 | ||
|---|---|---|---|
| 001 | 2896 | ||
| 005 | 20181127170013.0 | ||
| 020 | 0 | 0 | _a8125034331 |
| 090 | 0 | 0 | _a425 B6943e 2008 |
| 100 | 0 | 0 | _aBolton, David. |
| 245 | 0 | 0 |
_aEnglish grammar in steps / _cDavid Bolton and Noel Goodey. _h |
| 260 | 0 | 0 |
_aNew Delhi : _bOrient BlackSwan, _c2010. |
| 300 | 0 | 0 | _a343 p. : ill. |
| 500 | _a"English grammar presented, explained and practised in context" | ||
| 650 | 0 | 0 |
_aEnglish language --Grammar --Handbooks, manuals, etc. _x |
| 650 | 0 | 0 |
_aEnglish language --Grammar --Problems, exercises, etc. _x |
| 700 |
_aGoodey, Noel. _b _c _d _e _k _l _m _n _o _p _q _r _s _t |
||
| 999 |
_c2324 _d2324 |
||